000 02144nam0a2200457 4500
001 RU\NLR\BIBL_A\012760966
005 20241024132246.0
010 _a978-5-17-133230-3
_92000
021 _aRU
_bКН-П-21-096254
_9КН-П-21-7698
035 _a(NLR Aleph) 012760966
090 _a13062386
_c13062386
100 _a20220413d2022 u y0rusy50 ca
101 1 _arus
_ceng
102 _aRU
105 _aach|z|||000zy
181 0 _ai3
_baxxe
182 0 _an
200 1 _aБлизнецы Освенцима
_eправдивая история близнецов доктора Менгеле
_e[основано на воспоминаниях Евы Мозес-Кор]
_fЕва Мозес Кор, соавтор - Лиза Рохани-Буччери
_gперевод с английского - Мира Хараз
203 _aТекст
_bвизуальный
_cнепосредственный
210 _aМосква
_cОГИЗ
_cАСТ
_d2022 [т.е. 2021]
215 _a204 с., [8] л. ил., портр., факс.
_d21
225 1 _aХолокост
_iПравдивая история
225 1 _aБестселлер Sunday Times
300 _aКн. фактически изд. в 2021 г.
320 _aДр. произведения авт.: с. 199-200
333 _a16+
600 1 _aМенгеле
_bЙ.
_f1911 - 1979
_gЙозеф
_92469565
_3RU\NLR\AUTH\6601683877
601 0 2 _a"Освенцим", концентрационный лагерь
_92431423
_3RU\NLR\AUTH\661447179
686 1 _aТ3(0)628.25
686 1 _aТ3(4П)62-502.2
686 1 _aТ3(4Г)63-8
700 1 _7ca
_8rus
_aМозес Кор
_bЕ.
_f1934-2019
_gЕва
_9242882
_3RU\NLR\AUTH\770242938
701 1 _7ca
_8rus
_aРохани-Буччери
_bЛ.
_f1964-
_gЛиза
_9242878
_3RU\NLR\AUTH\770242934
702 1 _aМенгеле
_bЙ.
_f1911-1979
_gЙозеф
_4570
712 0 2 _4570
_a"Освенцим", концентрационный лагерь
_9313175
_3RU\NLR\AUTH\8819904
942 _cBOOK
980 _aNB